| 000 | 00403nam a2200157Ia 4500 | ||
|---|---|---|---|
| 008 | 230917s9999||||xx |||||||||||||| ||und|| | ||
| 040 |
_e99058 _aMAIN |
||
| 041 | _aEnglish | ||
| 082 | _a350.1 P629P | ||
| 100 | _aPigors, Paul | ||
| 245 | 0 | _aPersonnel administration: A point of view and a method | |
| 250 | _a5th ed. | ||
| 260 |
_aNew York _bMcGraw-Hill _c1965 |
||
| 300 | _av, 837 p. | ||
| 942 | _cBK | ||
| 999 |
_c200328 _d200328 |
||